Kompetentnosť pracovníkov verejnej správy v ČR 24

Zhodnotenie situácie v oblasti kompetentnosti pracovníkov a manažérov verejnej správy v Českej republike. Kľúčové problémy v oblasti kompetentnosti pracovníkov verejnej správy v ČR.

Gespeichert in:
Bibliographische Detailangaben
1. Verfasser: Jankurová, Andrea
Format: Buchkapitel
Sprache:Slowakisch
Schlagworte:
Tags: Tag hinzufügen
Keine Tags, Fügen Sie das erste Tag hinzu!

MARC

LEADER 00000naa a2200000 4500
001 0193292
005 20221020083026.4
041 0 |a slo 
044 |a SK 
245 1 0 |a Kompetentnosť pracovníkov verejnej správy v ČR 24  |c Andrea Jankurová 
520 |a Zhodnotenie situácie v oblasti kompetentnosti pracovníkov a manažérov verejnej správy v Českej republike. Kľúčové problémy v oblasti kompetentnosti pracovníkov verejnej správy v ČR. 
610 2 0 |a kompetencie manažérske 
610 2 0 |a správa verejná 
610 2 0 |a Česko 
610 2 0 |a manažment celostný 
100 1 |a Jankurová, Andrea